| 000 | 00376nam a22001217a 4500 | ||
|---|---|---|---|
| 999 |
_c9412 _d9412 |
||
| 003 | OSt | ||
| 008 | 201203b ||||| |||| 00| 0 eng d | ||
| 245 | _aTextile Trends | ||
| 250 | _a2013(Jul Vol.56 No.4, Aug Vol.56 No.5, Sep Vol.56 No.6, Oct Vol.56 No.7, Nov Vol.56 No.8) | ||
| 260 |
_aKolkata _bEastland Publications Pvt Ltd's |
||
| 650 | _aTextile Engineering | ||
| 942 |
_2ddc _cBV |
||